000 01013nac a22003017a 4500
001 BR2010002501
003 BR-BrBNA
005 20240105123836.0
008 230509b bl.|||m| |||| 00| 0 por d
040 _aBR-BrBNA
_bpor
_cBiblioteca Nacional de Agricultura
072 _aF62; F61
090 _a2590 BR2010002501
100 1 _aDuboc, E.
100 1 _aGuerrini, I.A.
110 1 _aEMBRAPA Cerrados, Planaltina, DF (Brasil)
245 1 _aDesenvolvimento inicial e nutrição da copaiba (Copaifera langsdorffii Desf.)em áreas de cerrado degradado
260 3 _aPlanaltina, DF (Brasil):
_c2009.
300 _a28 p.
490 _aBoletim de Pesquisa e Desenvolvimento - EMBRAPA Cerrados (Brazil)
_vno. 245
_xISSN 1676-918X
500 _aSummaries (En, Pt); 46 ref.; 9 tables
650 _aCOPAÍBA
650 _aCOPAIFERA LANGSDORFFII
650 _aCRESCIMENTO
650 _aNUTRIÇÃO VEGETAL
650 _aCERRADO
909 _a202312
_bLúcia Elande
_c55
_dLúcia Elande
942 _2AGRIS
_n0
_cMS
999 _c297227
_d297227